000 00545nam a2200229 a 4500
001 nice12345678
003 IN_TiNIC
005 20260116011454.0
008 070727s1946 phia grp 000 0 eng
020 _a
_c100
082 0 0 _a296.09
_bGRA
100 _aGraetz, Hinrich
245 _aHistory of the Jews
260 _aPhiladelphia
_bNo Publisher
_c1946
300 _a00p
500 _aincludes index and biblioraphy
650 _aJudaism-History
700 1 _aGraetz, Hinrich
902 _bSRS
942 _cBK
999 _c1846
_d1846